000 00699nam a22002897a 4500
001 BR0001354
003 BR-BrBNA
005 20230928100555.0
007 ta
008 230509b bl.||||| |||| 00| 0 por d
040 _aBR-BrBNA
_bpor
_cBiblioteca Nacional de Agricultura
041 _a(Por)
072 _aF01; E80
090 _ F01 BR0001354
100 1 _aRoriz, A.(ed.)
245 1 _a1000 dicas
260 3 _aSao Paulo, SP (Brasil):
_c1999.
300 _a240 p.
500 _a396 illus.
650 _aPaisagismo
650 _aJardim
650 _aDefensivo
650 _aEconomia Domestica
650 _aPlanta Medicinal
909 _a202309
_bLucia
_c55
_dLucia Elande
942 _cBK
999 _c61872
_d61872